Les colorants alimentaires naturels - Statistiques

Statistiques générales
  • Ce quiz a été pris 172 fois
  • Le résultat moyen est 7 sur 9
Statistiques - réponses
Hint Réponse % Correct
NOIR Charbon actif | Encre de seiche
87%
MARRON Cacao | Marc de café | Chocolat en poudre
86%
ORANGE Carotte | Safran | Paprika | Tomate | Mangue
86%
VERT Thé matcha | Epinards | Courgette | Blette | Menthe | Persil
86%
ROSE Groseille | Framboise | Hibiscus | Chou rouge
82%
JAUNE Curcuma | Curry | Pissenlit | Millepertuis
74%
VIOLET Cassis | Mure
73%
ROUGE Betterave rouge
69%
BLEU Spiruline
44%
Aucun quiz correspondant
Distribution des résultats
% des personnes avec chaque résultat
Percentile par nombre de réponses
Votre historique - résultats
Vous n’avez pas pris ce quiz